000 00226nam a2200097Ia 4500
008 190216s9999||||xx |||||||||||||| ||und||
100 _aBeeran N V
245 0 _aKalanavum Jyamithiyum
260 _bKerala Basha Inst
942 _cBK
999 _c40194
_d40194